000 01304nam a22003857a 4500
001 0016657
003 KOHA_MİRAKIL
005 20260207002111.0
007 ta
008 100421b1998 tu |||gr||||#||||0|tur |
020 _a9754864101
040 _aTR-BiSEU
_btur
_cTR-BiSEU
_erda
041 0 _atur
044 _ctu
050 _aK302
_b.C45 1998
100 1 _aÇelikel, Aysel.
245 1 _aTürk milletlerarası özel hukuk mevzuatı/
_cAysel Çelikel ; Aysel Çelikel, Cemal Şanlı.
264 1 _aİstanbul :
_bBeta A.Ş.
_c1998
300 _aviii, 683 sayfa; 22 cm.
336 _ametin
_btxt
_2rdacontent
337 _aaracısız
_bn
_2rdamedia
338 _acilt
_bnc
_2rdacarrier
490 1 _aBeta Basım Yayım Dağıtım A.Ş.
490 1 _a ;
_vyayın no: 514.
490 1 _ahukuk diz.
490 1 _a ;
_v223.
500 _aKanunlar ihtilafı ve milletlerarası usul hukuku-vatandaşlık hukuku-yabancılar hukuku-dış ticaret ve yabancı sermaye hukuku ile ilgili mevzuat ve uluslararası anlaşmalar.
650 0 _aInternational law.
_96830
650 0 _aUluslararası hukuk.
_96825
830 1 _aBeta Basım Yayım Dağıtım A.Ş.
_910170
830 1 _a ;
_vyayın no: 514.
_91620
830 1 _ahukuk diz.
_938585
830 1 _a ;
_v223.
_91620
942 _2lcc
_cBK
999 _c16618
_d16618